000
00323nam a22001457a 4500
003
SGT
082
_a
362
_b
a06m
100
_a
MULLE,GUNAKAR
245
_a
APEKSHITA SIDDHANT KAYA HAI
250
_a
1st
260
_a
NEW DELHI
_b
RAJKAMAL PRAKASHAN
_c
2006
300
_a
128
650
_a
MASS COMMUNICATION
942
_2
ddc
_c
BK
999
_c
12943
_d
12943